| 000 | 00769nam a2200229 i 4500 | ||
|---|---|---|---|
| 001 | 180849 | ||
| 003 | ES-MaACL | ||
| 005 | 20250905162205.0 | ||
| 008 | 120719s1991 sp ao |||| |dspa d | ||
| 020 | _a84-7679-199-2 | ||
| 080 | _a75López, Vicente | ||
| 100 | 1 |
_aMorales y Marín, José Luis, _d1945-1998 _983089 |
|
| 245 | 1 | 0 |
_aVicente López y su época / _cpor José Luis Morales y Marín. |
| 260 |
_aMadrid : _bHistoria Viva, _c[1991] |
||
| 300 |
_aVIII, 31 p. : _bil. col. y n. ; _c24 cm. |
||
| 490 | 1 |
_aCuadernos de arte español ; _v49 |
|
| 594 | _aEn cub.: Historia 16. | ||
| 600 | 1 | 7 |
_aLópez, Vicente, _d1772-1850 _2 _9151083 |
| 830 | 0 | 0 |
_aCuadernos de arte español _v49 _9191338 |
| 852 |
_aES-MaACL _j2314-F-25 |
||
| 999 |
_c180849 _d180849 |
||